LDR 00771naa#a2200169#i#450# 001 RU\\bibl\121804 005 20260502082727.6 011 ## _a3034-4689 100 ## _a20260424b2026####ek#y0rusy0150####ca 102 ## _aRU 200 1# _aНЕЙРОСЕТЕВОЙ КЛАССИФИКАТОР ДЛЯ ОПРЕДЕЛЕНИЯ АВТОРСТВА ПРОИЗВЕДЕНИЙ ХУДОЖНИКОВ-ИМПРЕССИОНИСТОВ _eЖурнальная статья 210 1# _aКазань _cКазанский национальный исследовательский технологический университет _d2026 215 ## _a5 с. 608 ## _aЖурнальная статья _2local 700 #1 _aКатасёва _gД В 700 #1 _aАлексеева _gА. А. 856 4# _avestniktu.ru _u